La caverna de la Peña de Candamo (Asturias) / (Record no. 83112)

MARC details
000 -LEADER
campo de control de longitud fija 01127nam a2200241 i 4500
001 - NÚMERO DE CONTROL
campo de control 83112
003 - IDENTIFICADOR DE NÚMERO DE CONTROL
campo de control ES-MaACL
005 - FECHA Y HORA DE LA ÚLTIMA TRANSACCIÓN
campo de control 20260201162719.0
007 - CAMPO FIJO DE DESCRIPCIÓN FÍSICA--INFORMACIÓN GENERAL
campo de control de longitud fija t|
008 - DATOS DE LONGITUD FIJA--INFORMACIÓN GENERAL
campo de control de longitud fija 180601s1919 sp ||||1| spa d
100 1# - ENTRADA PRINCIPAL--NOMBRE DE PERSONA
Nombre de persona Hernández-Pacheco, Eduardo,
Fechas asociadas al nombre 1872-1965
9 (RLIN) 63012
245 13 - MENCIÓN DEL TÍTULO
Título La caverna de la Peña de Candamo (Asturias) /
Mención de responsabilidad, etc. por Eduardo Hernández-Pacheco ; con la colaboración de Juan Cabré y de F. Benítez Mellado en la parte gráfica.
260 ## - PUBLICACIÓN, DISTRIBUCIÓN, ETC.
Lugar de publicación, distribución, etc. Madrid :
Nombre del editor, distribuidor, etc. Museo Nacional de Ciencias Naturales,
Fecha de publicación, distribución, etc. 1919.
300 ## - DESCRIPCIÓN FÍSICA
Extensión 281 p., XXVII lám. neg. y col. pleg. :
Otras características físicas il. ;
Dimensiones 27 cm.
490 1# - MENCIÓN DE SERIE
Mención de serie Comisión de Investigaciones Paleontológicas y Prehistóricas. Memoria ;
Designación de volumen o secuencia 24
594 ## - Nota al título y mención de responsabilidad
Nota al título y mención de responsabilidad Precede al tít: Junta para Ampliación de Estudios e Investigaciones Científicas.
651 #4 - PUNTO DE ACCESO ADICIONAL DE MATERIA--NOMBRE GEOGRÁFICO
Nombre geográfico Cueva de la Peña (Asturias)
9 (RLIN) 159309
700 1# - ENTRADA AGREGADA--NOMBRE PERSONAL
Nombre de persona Cabré Aguiló, Juan,
Fechas asociadas al nombre 1882-1947
9 (RLIN) 33266
700 1# - ENTRADA AGREGADA--NOMBRE PERSONAL
Nombre de persona Benítez Mellado, Francisco,
Fechas asociadas al nombre 1883-1962
9 (RLIN) 164885
830 00 - PUNTO DE ACCESO ADICIONAL DE SERIE-TÍTULO UNIFORME
Título uniforme Comisión de Investigaciones Paleontológicas y Prehistóricas. Memoria
Designación de volumen o secuencia 24
9 (RLIN) 183771
852 ## - LOCALIZACIÓN
Ubicación ES-MaACL
Número de control de estantería B-13005(4)
Holdings
Estatus retirado Estado de pérdida Estado de daño No para préstamo Biblioteca de origen Biblioteca actual Ubicación en estantería Fecha de adquisición Fuente de adquisición Total de préstamos Signatura topográfica completa Código de barras Visto por última vez Precio de reemplazo Tipo de ítem Koha
        Biblioteca del Ateneo de Madrid Biblioteca del Ateneo de Madrid Sala Pardo Bazán 01/06/2018     B-13005(4) 1198934 23/02/2023 23/02/2023 Libro impreso